Statistiques concernant Trouvez ce Roi

Cliquez ici pour prendre le quiz!

Statistiques générales

  • Ce quiz a été pris 70 fois
    (48 depuis la dernière actualisation)
  • Le résultat moyen est 6 sur 17

Statistiques - réponses

IndiceRoi% Correct
A régné le plus longtempsLouis XIV
88%
A été canoniséLouis IX
79%
A changé plusieurs fois de religionHenri IV
74%
Est mort dans un tournoiHenri II
55%
A refusé le titre de Roi de FranceLouis Philippe
48%
A été roi de PologneHenri III
33%
Est mort avant une semaineJean Ier
33%
S'est allié avec les OttomansFrançois Ier
29%
A consacré la France à la Vierge MarieLouis XIII
24%
A été déshérité par son pèreCharles VII
21%
A été porté (au sens propre) par un Tsar de RussieLouis XV
19%
Fut le premier dénommé "Roi de France" et non plus Roi des FrancsPhilippe II
19%
Est le premier sacré après la mort de son pèreLouis VIII
14%
A voulu créer un "code civil"Louis XI
14%
Est le premier à avoir appris l'AnglaisLouis XVI
14%
Fut le premier sacréPépin le Bref
12%
Fut éduqué à la cour d'AngleterreLouis IV
10%

Distribution des résultats

Percentile par nombre de réponses

% des personnes avec chaque résultat

Votre développement - résultats

Vous n’avez pas pris ce quiz depuis la dernière actualisation